OPAC Home

Ceylon Sessional Papers : Report of The Commission of Inquiry Appointed By His Excellency The President of Sri Lanka Under The Provisions of Section 2 of The Commissions of Inquiry Act ( Chapter 393 ) To Inquire Into And Report on The Circumstances And Ca (Record no. 45372)

MARC details
000 -LEADER
fixed length control field 00569nam a2200145Ia 4500
008 - FIXED-LENGTH DATA ELEMENTS--GENERAL INFORMATION
fixed length control field 180921t1977 xxu||||| ||||o00| 0 eng d
041 ## - LANGUAGE CODE
Language code of text/sound track or separate title English
942 ## - ADDED ENTRY ELEMENTS (KOHA)
Koha item type Books
003 - CONTROL NUMBER IDENTIFIER
control field LK-CoDNM
040 ## - CATALOGING SOURCE
Original cataloging agency LK-CoDNM
Modifying agency LK-CoDNM
Description conventions LK-CoDNM
245 ## - TITLE STATEMENT
Title Ceylon Sessional Papers : Report of The Commission of Inquiry Appointed By His Excellency The President of Sri Lanka Under The Provisions of Section 2 of The Commissions of Inquiry Act ( Chapter 393 ) To Inquire Into And Report on The Circumstances And Ca
260 ## - PUBLICATION, DISTRIBUTION, ETC. (IMPRINT)
Date of publication, distribution, etc. 1977
300 ## - PHYSICAL DESCRIPTION
Extent 28 cm
500 ## - GENERAL NOTE
General note Sessional Paper iv -1977
Holdings
Withdrawn status Lost status Damaged status Not for loan Collection code Permanent Location Current Location Date acquired Koha item type
        Government Publications Library National Museum Colombo - Sri Lanka Library National Museum Colombo - Sri Lanka 2014-04-30 Books
Copyright © 2023 Department of National Museum, Colombo 07, Sri Lanka Funded by UNESCO IFAP UNESCO